| 000 -LEADER | |
|---|---|
| fixed length control field | 00499nam a22001817a 4500 |
| 005 - DATE AND TIME OF LATEST TRANSACTION | |
| control field | 20240902123247.0 |
| 008 - FIXED-LENGTH DATA ELEMENTS--GENERAL INFORMATION | |
| fixed length control field | 240831b |||||||| |||| 00| 0 eng d |
| 020 ## - INTERNATIONAL STANDARD BOOK NUMBER | |
| ISBN | 978-81-203-2468-3 |
| 041 ## - LANGUAGE CODE | |
| Language code of text/sound track or separate title | eng |
| 082 ## - DEWEY DECIMAL CLASSIFICATION NUMBER | |
| Classification number | 004.01 MIS |
| 100 ## - MAIN ENTRY--AUTHOR NAME | |
| Personal name | MISHRA, K.L.P. AND CHANDRASEKARAN, N |
| 245 ## - TITLE STATEMENT | |
| Title | THEORY OF COMPUTER SCIENCE: AUTOMATA LANGUAGES AND COMPUTATION |
| 250 ## - EDITION STATEMENT | |
| Edition statement | 3RD ED. |
| 260 ## - PUBLICATION, DISTRIBUTION, ETC. (IMPRINT) | |
| Place of publication | DELHI |
| Name of publisher | PHI LEARNING PVT.LTD. |
| Year of publication | 2024 |
| 300 ## - PHYSICAL DESCRIPTION | |
| Number of Pages | 422;P |
| 650 ## - SUBJECT ADDED ENTRY--TOPICAL TERM | |
| Topical Term | CS & IT |
| 942 ## - ADDED ENTRY ELEMENTS (KOHA) | |
| Koha item type | Books |
| Lost status | Damaged status | Collection code | Home library | Current library | Shelving location | Date acquired | Source of acquisition | Cost, normal purchase price | Serial Enumeration / chronology | Full call number | Accession Number | Koha item type |
|---|---|---|---|---|---|---|---|---|---|---|---|---|
| Reference | JRU Library | JRU Library | SHELF-72-C | 30/08/2024 | PURCHASE | 495.00 | NEW ARRIVALS SHELF | 004.01 | 28354 | Books | ||
| CS/IT | JRU Library | JRU Library | SHELF-53-F | 30/08/2024 | PURCHASE | 495.00 | 004.01 | 28355 | Books | |||
| CS/IT | JRU Library | JRU Library | SHELF-53-F | 30/08/2024 | PURCHASE | 495.00 | 004.01 | 28356 | Books | |||
| CS/IT | JRU Library | JRU Library | SHELF-48-G | 30/08/2024 | PURCHASE | 495.00 | 004.01 | 28357 | Books | |||
| CS/IT | JRU Library | JRU Library | SHELF-53-F | 30/08/2024 | PURCHASE | 495.00 | 004.01 | 28358 | Books | |||
| CS/IT | JRU Library | JRU Library | SHELF-53-F | 30/08/2024 | PURCHASE | 495.00 | 004.01 | 28359 | Books | |||
| CS/IT | JRU Library | JRU Library | SHELF-53-F | 30/08/2024 | PURCHASE | 495.00 | 004.01 | 28360 | Books | |||
| CS/IT | JRU Library | JRU Library | SHELF-53-F | 30/08/2024 | PURCHASE | 495.00 | 004.01 | 28361 | Books | |||
| CS/IT | JRU Library | JRU Library | SHELF-53-F | 19/09/2024 | PURCHASE | 495.00 | 004.01 | 28601 | Books | |||
| CS/IT | JRU Library | JRU Library | SHELF-53-F | 19/09/2024 | PURCHASE | 495.00 | 004.01 | 28602 | Books |